Index to the transactions of the International Congress of Orientalists 1873-1973 (Record no. 934216)

MARC details
000 -LEADER
fixed length control field 00805nam a2200265Ia 4500
003 - CONTROL NUMBER IDENTIFIER
control field OSt
005 - DATE AND TIME OF LATEST TRANSACTION
control field 20221005025144.0
008 - FIXED-LENGTH DATA ELEMENTS--GENERAL INFORMATION
fixed length control field 221004b |||||||| |||| 00| 0 eng d
037 ## - SOURCE OF ACQUISITION
Terms of availability Textual
040 ## - CATALOGING SOURCE
Original cataloging agency CRL
Transcribing agency CRL
Language of cataloging eng
041 ## - LANGUAGE CODE
Source of code eng
Language code of text/sound track or separate title eng
110 ## - MAIN ENTRY--CORPORATE NAME
Corporate name or jurisdiction name as entry element CENTRE FOR ASIAN DOCUMENTATION
9 (RLIN) 581512
245 #0 - TITLE STATEMENT
Title Index to the transactions of the International Congress of Orientalists 1873-1973
Remainder of title Pt 1
260 ## - PUBLICATION, DISTRIBUTION, ETC.
Place of publication, distribution, etc. Calcutta
Name of publisher, distributor, etc. Firma KLM India
Date of publication, distribution, etc. 1982
300 ## - PHYSICAL DESCRIPTION
Extent 132p.
Dimensions cm.
490 ## - SERIES STATEMENT
Series statement Index Asia series in humanities.10.
650 ## - SUBJECT ADDED ENTRY--TOPICAL TERM
Topical term or geographic name entry element GENERALIA
700 ## - ADDED ENTRY--PERSONAL NAME
Personal name CENTRE FOR ASIAN DOCUMENTATION
9 (RLIN) 581513
942 ## - ADDED ENTRY ELEMENTS (KOHA)
Classification part z2p1,N73<-M73, M2
Koha item type Textual
Source of classification or shelving scheme
Holdings
Withdrawn status Lost status Damaged status Not for loan Home library Current library Date acquired Total Checkouts Full call number Barcode Date last seen Price effective from Koha item type
        Central Library Central Library 2022-10-05   z2p1,N73<-M73 M2 CL0998388 2022-10-05 2022-10-05 Textual
Copyright @ Delhi University Library System